01223nam a2200193Ia 4500001001100000003001000011008004100021040002500062041001300087100002800100245010600128250001100234260009200245300001200337500026600349501011400615520026600729650003400995L235-14714IT-CnALBA170116s9999||||xx |||||||||||||| ||und|| aIT-CnALBAcIT-CnALBA aITALIANO aANTONELLI-COSTAGGINI G. 0aVITA DEL BEATO GIUSEPPE BENEDETTO COTTOLENGO, FONDATORE DELLA PICCOLA CASA DELLA DIVINA PROVVIDENZA.  a1a ed. a ROMAbFERRARI FRANCESCO LIBR. ED. REL. c1918 [1° Ed.:1918 - Ed.Ling.Originale: 1918] a634 p.  aIL COTTOLENGO FANCIULLO. CHIERICO. SACERDOTE. TEOLOGO. IL CANONICO BUONO. APOSTOLO. FONDATORE. OSPEDALETTO. ASILO. VINCENZINE. CHIESA E OSPEDALE. FEDE, SPERANZA E CARITÀ. EUCARISTIA. PROVVIDENZA. INFERMI. PRUDENZA. POVERTÀ. UMILTÀ. DEVOZIONE A MARIA. MORT aSocietà San Paolo EM - Piazza San Paolo, 14 - 12051 ALBA (CN) (non commercial uses only) ® Copyright 2017 aIL COTTOLENGO FANCIULLO. CHIERICO. SACERDOTE. TEOLOGO. IL CANONICO BUONO. APOSTOLO. FONDATORE. OSPEDALETTO. ASILO. VINCENZINE. CHIESA E OSPEDALE. FEDE, SPERANZA E CARITÀ. EUCARISTIA. PROVVIDENZA. INFERMI. PRUDENZA. POVERTÀ. UMILTÀ. DEVOZIONE A MARIA. MORT aMARIA SS. ANGELI SANTI DEMONI